[Event "Titled Tuesday intern op 27th Jun Late"]
[Site "Chess.com INT"]
[Date "2023.06.27"]
[Round "4"]
[White "Ng, Matthew K"]
[Black "Dobre, Claudiu Cristian"]
[Result "0-1"]
[WhiteElo "1757"]
[BlackElo "2261"]
[PlyCount "62"]
[EventDate "2023.06.27"]
[EventType "swiss (blitz)"]
[EventRounds "11"]
[EventCountry "USA"]
[SourceTitle "EXT 2024"]
[Source "ChessBase"]
[SourceDate "2023.10.10"]
[SourceVersion "1"]
[SourceVersionDate "2023.10.10"]
[SourceQuality "1"]

1. e4 Nc6 2. Nf3 d6 3. d4 Nf6 4. Nc3 Bg4 5. Be2 e5 6. d5 Ne7 7. h3 Bd7 8. 0-0 g6 9. Bg5 Bg7 10. Qd2 0-0 11. Bh6 Nh5 12. Bxg7 Kxg7 13. Ng5 Nf4 14. Kh2 Nexd5 15. Nxf7 Rxf7 16. Nxd5 Qh4 17. Nxf4 Qxf4+ 18. Qxf4 exf4 19. Bf3 Kf6 20. c4 Ke5 21. Rad1 Be6 22. b3 h5 23. h4 a5 24. Rd2 a4 25. Re1 Rff8 26. g3 Ra6 27. Bd1 axb3 28. axb3 Ra1 29. Rde2 Bg4 30. Rd2 Rf7 31. Kg1 Bxd1 0-1

[Event "Titled Tuesday intern op 27th Jun Late"]
[Site "Chess.com INT"]
[Date "2023.06.27"]
[Round "6"]
[White "Ng, Matthew K"]
[Black "Kujawski, Adam"]
[Result "0-1"]
[WhiteElo "1757"]
[BlackElo "2173"]
[PlyCount "94"]
[EventDate "2023.06.27"]
[EventType "swiss (blitz)"]
[EventRounds "11"]
[EventCountry "USA"]
[SourceTitle "EXT 2024"]
[Source "ChessBase"]
[SourceDate "2023.10.10"]
[SourceVersion "1"]
[SourceVersionDate "2023.10.10"]
[SourceQuality "1"]

1. e4 e5 2. Nf3 Nc6 3. Bc4 Nf6 4. d3 d5 5. exd5 Nxd5 6. 0-0 Nb6 7. Bb3 Bg4 8. h3 Bh5 9. c3 Qe7 10. Nbd2 0-0-0 11. Qc2 Kb8 12. a4 a5 13. Re1 f6 14. Ba2 Qd7 15. Bb1 Bg6 16. Ne4 Nd5 17. Be3 Nxe3 18. fxe3 Bxe4 19. dxe4 Bc5 20. Ba2 Ne7 21. Rad1 Qc6 22. Kf2 Bb6 23. Nh4 Kc8 24. Nf5 Nxf5 25. exf5 Qc5 26. Be6+ Kb8 27. Re2 c6 28. Rb1 g6 29. Qe4 gxf5 30. Bxf5 Rd6 31. b4 Qd5 32. Qxd5 cxd5 33. bxa5 Bxa5 34. Rb3 Ka7 35. Reb2 b6 36. Bd3 e4 37. Bb5 f5 38. Rc2 Rf8 39. Kg3 Rg6+ 40. Kf4 Rh6 41. Rbb2 Rh4+ 42. Ke5 f4 43. exf4 Rhxf4 44. Kxd5 R4f5+ 45. Kxe4 Rc5 46. Kd3 Rd8+ 47. Ke3 Bxc3 0-1

[Event "Titled Tuesday intern op 27th Jun Late"]
[Site "Chess.com INT"]
[Date "2023.06.27"]
[Round "10"]
[White "Ng, Matthew K"]
[Black "Winkels, Marcel"]
[Result "1-0"]
[WhiteElo "1757"]
[BlackElo "1920"]
[PlyCount "99"]
[EventDate "2023.06.27"]
[EventType "swiss (blitz)"]
[EventRounds "11"]
[EventCountry "USA"]
[SourceTitle "EXT 2024"]
[Source "ChessBase"]
[SourceDate "2023.10.10"]
[SourceVersion "1"]
[SourceVersionDate "2023.10.10"]
[SourceQuality "1"]

1. e4 c5 2. Nf3 d6 3. g3 Nc6 4. Bg2 g6 5. 0-0 Bg7 6. c3 e5 7. d3 Nge7 8. Be3 0-0 9. d4 cxd4 10. cxd4 Bg4 11. d5 Nd4 12. Bxd4 exd4 13. Qd3 Qb6 14. b3 Rac8 15. h3 Bxf3 16. Bxf3 f5 17. Nd2 Rc3 18. Qe2 Rfc8 19. Nc4 Qd8 20. Rad1 b5 21. Nd2 Qf8 22. Qxb5 Bh6 23. Bg2 Rc2 24. Nc4 Rd8 25. Rxd4 Bg7 26. Rd2 Rxd2 27. Nxd2 Bd4 28. Qa4 f4 29. Qxd4 fxg3 30. fxg3 Qe8 31. Qf6 Nc8 32. Nc4 Qd7 33. e5 dxe5 34. Nxe5 Qd6 35. Qxd6 Nxd6 36. Nc6 Re8 37. Nxa7 Re2 38. a4 Rb2 39. Rf3 Nf5 40. Rc3 Nd4 41. Nc6 Ne2+ 42. Kh2 Nxc3 43. d6 Rd2 44. a5 Rxd6 45. a6 Nb5 46. b4 Rd7 47. Ne5 Re7 48. Bd5+ Kg7 49. Nc6 Rd7 50. Bc4 1-0

[Event "US op 122nd"]
[Site "Rancho Mirage"]
[Date "2022.08.01"]
[Round "3"]
[White "Ng, Matthew K"]
[Black "Moradiabadi, Elshan"]
[Result "0-1"]
[WhiteElo "1757"]
[BlackElo "2539"]
[PlyCount "60"]
[EventDate "2022.07.30"]
[EventType "swiss"]
[EventRounds "9"]
[EventCountry "USA"]
[SourceTitle "CBM 209 Extra"]
[Source "ChessBase"]
[SourceDate "2022.09.30"]
[SourceVersion "1"]
[SourceVersionDate "2022.09.30"]
[SourceQuality "1"]

1. e4 c5 2. Nf3 d6 3. d3 Nc6 4. g3 g6 5. Bg2 Bg7 6. 0-0 Nf6 7. c3 0-0 8. Re1 e5 9. h3 Be6 10. Be3 h6 11. d4 exd4 12. cxd4 d5 13. e5 Nd7 14. Nc3 cxd4 15. Bxd4 Rc8 16. Rc1 Qa5 17. a3 Rfe8 18. Qd2 Nxd4 19. Qxd4 Nb6 20. Nd2 Nc4 21. Nb3 Qb6 22. Qxb6 axb6 23. f4 Red8 24. Nb5 Nxb2 25. Nd6 Ra8 26. Ra1 Nc4 27. Nb5 Ra4 28. Re2 Bf8 29. Rea2 d4 30. N3xd4 Bc5 0-1